El punto de partida de la investigación filosófica / Maurice Blondel
Obra que muestra el método filosófico empleado por Blondel en sus especulaciones doctorales, el cual comparte una característica con Bergson y Husserl: la lucha metodológica en filosofía contra el positivismo preponderante a finales del siglo XIX. Presenta un catálogo de especies de conocimiento par...
Guardado en:
| Autor principal: | |
|---|---|
| Formato: | Libro |
| Lenguaje: | Undetermined |
| Publicado: |
Barcelona, España
Herder
1967
|
| Materias: | |
| Etiquetas: |
Agregar Etiqueta
Sin Etiquetas, Sea el primero en etiquetar este registro!
|
MARC
| LEADER | 00000nam a2200000Ia 4500 | ||
|---|---|---|---|
| 008 | 170316s9999 xx 000 0 und d | ||
| 040 | |a cru BVZT | ||
| 090 | |a 100 B-43p | ||
| 100 | |a Blondel, Maurice |9 1888 | ||
| 245 | |a El punto de partida de la investigación filosófica |b / Maurice Blondel | ||
| 260 | |a Barcelona, España |b Herder |c 1967 | ||
| 300 | |a 89 páginas | ||
| 520 | |a Obra que muestra el método filosófico empleado por Blondel en sus especulaciones doctorales, el cual comparte una característica con Bergson y Husserl: la lucha metodológica en filosofía contra el positivismo preponderante a finales del siglo XIX. Presenta un catálogo de especies de conocimiento para abrir campo a la determinación de los falsos puntos de partida de la filosofía. Asevera la extensión omni-abarcable que debe implicar el juicio filosófico, la analiticidad y unicidad del saber. | ||
| 650 | |a FILOSOFÍA |9 5 | ||
| 999 | |c 15732 |d 15732 | ||
| 942 | |c 15 D |h 100 B-43p |2 z | ||
